Questions sur le cinéma (aléatoire). - Statistiques

Statistiques générales
  • Ce quiz a été pris 806 fois
    749 depuis la dernière actualisation
  • Le résultat moyen est 9 sur 20
Statistiques - réponses
Question Réponse % Correct
Dans quel pays se déroule Le Bossu de Notre-Dame ? En France
100%
Citez un acteur qui interprète Obélix ? Gérard Depardieu / Gilles Lellouche
100%
De quel film provient cette réplique : “C'est OKKKKKKKK !” ? Les visiteurs
100%
Y a-t-il un lien de parenté entre Marty Mcfly et Doc ? Non
100%
Donnez le nom d'un film Star Wars. Star Wars, épisode I : La Menace fantôme / Star Wars, épisode II : L'Attaque des clones / Star Wars, épisode III : La Revanche des Sith / Star Wars, épisode IV : Un nouvel espoir / Star Wars, épisode V : L'Empire contre-attaque / Star Wars, épisode VI : Le Retour du Jedi / Star Wars, épisode VII : Le Réveil de la Force / Star Wars, épisode VIII : Les Derniers Jedi / Star Wars, épisode IX : L'Ascension de Skywalker / Rogue One: A Star Wars Story / Solo: A Star Wars Story / Star Wars: The Clone Wars
100%
Quel animal est Rocket dans les Gardiens de la Galaxie ? Un raton laveur
100%
Quels sont les objets qui permettent à la maison de s'envoler dans Là-Haut ? Des ballons
95%
De quelle couleur sont les Minions ? Jaune
95%
Dans quelle ville se déroule Ratatouille ? Paris
95%
Combien de films, la saga L'Arme Fatale compte elle ? 4
94%
Quel est la couleur d'une des deux pilules que le personnage principal de Matrix doit choisir ? Bleue / Rouge
94%
Citez un acteur qui interprète Astérix ? Christian Clavier / Clovis Cornillac / Édouard Baer / Guillaume Canet
94%
Combien y-a t-il de films Star Wars (en comptant les films dérivés)? 12
93%
Quel est le prénom de l'ours ami de Mowgli ? Baloo
93%
Donnez le nom d'un acteur qui incarne Spiderman ? Nicholas Hammond / Tobey Maguire / Andrew Garfield / Tom Holland
93%
Quel est le nom de Spider-man ? Peter Parker
93%
Dans quel fruit Blanche-Neige va t-elle croquer ? Une pomme
93%
De quelle couleur est Shrek ? Vert
93%
Shutter ____ Island
92%
Quel groupe d'humoristes a écrit la Cité de la peur ? Les Nuls
92%
Qui est le réalisateur de Jurassic Park, La Liste de Schindler ou Les Dents de la mer ? Steven Spielberg
92%
Combien de films la saga Maman j'ai raté l'avion compte elle ? 4
90%
Quel animal du nom de Willy faut-il sauver ? Une Orque
90%
Combien y a-t-il de films dans la saga Matrix ? 4
89%
Quelle partie du corps de Pinocchio s'allonge si il ment ? Le nez
89%
E.T. téléphone ___ maison
89%
Qui interprète Barbie dans le film qui porte le même nom ? Margot Robbie
89%
À quelle heure la magie prend fin dans Cendrillon ? Minuit
89%
Qui interprète le rôle de Driss dans Intouchables ? Omar Sy
89%
En quelle année est sorti Oppenheimer ? 2023
88%
Combien y a-t-il de films dans la saga SOS Fantomes ? 5
88%
Combien y-a t-il de films Rocky ? 6
88%
Combien d'horcruxes Voldemort a t-il fait ? 7
88%
Donnez le nom d'un film Avengers. Avengers / Avengers : L'Ère d'Ultron / Avengers: Infinity War / Avengers: Endgame
88%
Dans quel Disney peut-on entendre la chanson Libérée,Délivrée ? La Reine des Neiges
88%
Quel est le nom de Superman ? Clark Kent
87%
Qui est le héros de Pirates des Caraïbes ? Jack Sparrow
87%
En quelle année est sorti La Boum ? 1980
86%
____ avec les loups Danse
86%
Dans quel pays se passe Astérix & Obélix - Mission Cléopâtre ? En Égypte
86%
Donnez le nom d'un acteur qui incarne Willy Wonka ? Gene Wilder / Johnny Depp / Timothée Chalamet
86%
Quel est l'objet que Gollum considère comme son précieux ? L'Anneau unique
86%
Quel est l'objet fétiche de Mary Poppins ? Un Parapluie
86%
En quelle année est sorti le premier Star Wars ? 1977
85%
Quel est le nom français de JAWS ? Les Dents de la mer
85%
Quelle partie du corps humain est la chose dans la Famille Addams ? Une main
85%
Donnez un film réalisé par Alain Chabat. Didier / Astérix et Obélix : Mission Cléopâtre / RRRrrrr!!! / Sur la piste du Marsupilami / Santa et Cie
84%
Quel animal est King Kong ? Un Gorille
84%
Combien de Sarah Connor sont tuées dans Terminator 1 ? 2
83%
Combien de films Fantômas, André Hunebelle a- t-il réalisé ? 3
83%
Combien y a-t-il de films dans la saga Camping ? 3
83%
Quel surfer vient de Nice ? Brice
83%
Requiem for a ____ Dream
83%
Quel est le nom français de Home Alone ? Maman, j'ai raté l'avion !
83%
Qui est l'auteur des livres Shining, Ça ou La Ligne verte ? Stephen King
83%
Quel est le dernier animal en vie sur la barque avec Pi dans l'Odyssée de Pi ? Un tigre
83%
Citez un film de Tim Burton dans lequel Johnny Depp joue. Edward aux mains d'argent / Ed Wood / Sleepy Hollow - La Légende du cavalier sans tête / Charlie et la Chocolaterie / Les Noces funèbres / Sweeney Todd - Le Diabolique Barbier de Fleet Street / Alice au pays des merveilles / Dark Shadows
82%
Qu'est ce que Edward à d'argent ? Les mains
82%
Tu ne tueras ____ point
82%
Quel est le grand méchant du Seigneur des Anneaux ? Sauron
82%
Un indien dans la ____ ville
82%
Qui est le méchant de la saga Harry Potter ? Voldemort
82%
Combien y a-t-il de films dans la saga Taxi ? 5
81%
Citez un film où Ryan Gosling et Emma Stone jouent ensemble. Crazy, Stupid, Love / Gangster Squad / La La Land
81%
Quel acteur incarne Harry Potter dans les 8 films de la Saga ? Daniel Radcliffe
81%
Dans quel pays se passe Le Dernier Empereur ? En Chine
81%
Dans quel pays se déroule Slumdog Millionaire ? En Inde
81%
Quel monstre vert déteste Noël ? Le Grinch
81%
Donnez le nom d'un film Pixar qui a reçu l'Oscar du meilleur film d'animation ? Le Monde de Nemo / Les Indestructibles / Ratatouille / WALL-E / Là-haut / Toy Story 3 / Rebelle / Vice-versa / Coco / Toy Story 4 / Soul
81%
Combien de films la saga Taken compte elle ? 3
80%
Combien y a-t-il de films dans la saga Die Hard ? 5
80%
Combien de films la saga Mission impossible compte elle ? 7
80%
____ sur cour Fenêtre
80%
Quel acteur incarne Indiana Jones ? Harrison Ford
80%
Dans quel pays se passe Coco ? Mexique
80%
Quel est le numéro du juré qui vote non coupable au début de Douze Hommes en colère ? 8
79%
Quel est le nom du bateau de Barbossa dans Pirates des Caraïbes 1 ? Black Pearl
79%
Citez un acteur qui incarne Jules César dans un film Astérix ? Gottfried John / Alain Chabat / Alain Delon / Fabrice Luchini / Vincent Cassel
79%
Donnez un film dont le nom d'un personnage est François Pignon. L'Emmerdeur / Les Compères / Les Fugitifs / Le Dîner de cons / Le Placard / La Doublure
79%
Donnez le nom d'un dès cinq derniers James Bond sorti ? Casino Royale / Quantum of Solace / Skyfall / 007 Spectre / Mourir peut attendre
77%
Quel est le pays qui produit le plus de film par an ? L'Inde
77%
Quel est la personne que Chaplin imite dans Le Dictateur ? Adolf Hitler
76%
Combien y a-t-il de films dans la saga du Gendarme ? 6
75%
Citez un film de Christopher Nolan où Michael Caine joue un rôle. Batman Begins / Le Prestige / The Dark Knight : Le Chevalier noir / Inception / The Dark Knight Rises / Interstellar / Dunkerque / Tenet
75%
Quel est le seul acteur français à avoir gagné l'Oscar du meilleur acteur ? Jean Dujardin
75%
Dans quel film Alain Chabat et Gérard Darmon dansent la Carioca ? La Cité de la peur
75%
Dans quel Disney peut-on entendre la musique Je Voudrais Déjà être Roi ? Le Roi Lion
75%
Quelle actrice incarne Mathilda dans Léon ? Natalie Portman
75%
Donnez le nom d'un film de Tarantino dans lequel Tim Roth joue. Reservoir Dogs / Pulp Fiction / Groom Service / Les Huit Salopards
75%
Qui est l'oncle de Simba ? Scar
75%
Quel animal est Flipper ? Un Dauphin
75%
Dans combien de films de Scorsese, Robert de Niro a t-il un rôle ? 10
74%
En quelle année est sorti Once Upon a Time… in Hollywood ? 2019
74%
Dans quel pays se passe Parasite ? En Corée du Sud
74%
Combien de films Superman Christopher Reeve a t-il fait ? 4
73%
Quel est le nom de Batman ? Bruce Wayne
73%
Qui est le réalisateur de Titanic, Avatar ou Terminator 2 ? James Cameron
73%
Quelle actrice incarne Vivian Ward dans Pretty Woman ? Julia Roberts
73%
Quel est le pays avec le plus d'écrans de cinéma ? La Chine
73%
Donnez le nom d'un ennemi de Spiderman qui apparait dans la trilogie de Sam Raimi ? Le Bouffon Vert / Venom / L'Homme-Sable / Octopus
73%
Qui est le réalisateur de Retour vers le Futur, Forrest Gump ou Seul au Monde ? Robert Zemeckis
73%
Quel guerrier Wookiee est l'acolyte de Han Solo ? Chewbacca
72%
De quel film provient cette musique : Vois sur ton chemin ? Les Choristes
72%
Rencontres du ______ types troisième
72%
Combien de films la saga Avengers compte elle ? 4
71%
Comment s'appelle le méchant dans la Belle et la Bête ? Gaston
71%
De quel film provient cette réplique : "Si j'aurais su, j'aurais pas venu." ? La Guerre des boutons
71%
Quel est le Jedi qui possède un sabre violet ? Mace Windu
71%
Donnez le nom d'un film Pirates des Caraïbes. Pirates des Caraïbes : La Malédiction du Black Pearl / Pirates des Caraïbes : Le Secret du coffre maudit / Pirates des Caraïbes : Jusqu'au bout du monde / Pirates des Caraïbes : La Fontaine de jouvence / Pirates des Caraïbes : La Vengeance de Salazar
71%
Combien de films, la saga La Planète des Singes compte elle ? 10
70%
Citez un film de la troupe du Splendid ? Les Bronzés / Les Bronzés font du ski / Le père Noël est une ordure / Papy fait de la résistance / Les Bronzés 3 : Amis pour la vie
70%
Quel film d'animation Pixar se passe dans la tête d'un petite fille ? Vice-Versa
70%
Dans quel pays se déroule Le Tombeau des lucioles ? Au Japon
69%
Nommez un acteur qui incarne James Bond ? Barry Nelson / Sean Connery / David Niven / George Lazenby / Roger Moore / Timothy Dalton / Pierce Brosnan / Daniel Craig
69%
Quel est le nom français de Singin' in the Rain ? Chantons sous la pluie
69%
Comment s'appelle l'écureuil qui n'arrive jamais à manger son gland dans l'Âge de Glace ? Scrat
69%
De quel film provient cette réplique : "You talkin' to me?" Taxi Driver
69%
Quel est le film qui retrace la vie de Zuckerberg et la création de Facebook ? The Social Network
69%
Quel animal se transforme en humain dans Didier ? Un chien
69%
De quel film provient cette réplique : "La vie, c'est comme une boîte de chocolats : on ne sait jamais sur quoi on va tomber" ? Forrest Gump
68%
Quel studio d'animation a produit Shrek, Kung Fu Panda ou Dragons ? DreamWorks Animation
67%
Qui interprète John Wick ? Keanu Reeves
67%
Dans quel Star Wars la réplique "Je suis ton père" est elle prononcée ? L'Empire contre-attaque
67%
Dans quelle ville se déroule Coup de foudre à Notting Hill ? Londres
67%
Quel est le nom du lapin gris, ami de Bambi ? Panpan
67%
Comment se nomme le biopic sur Elton John ? Rocketman
67%
Citez un film de Wes Anderson dans lequel Bill Murray a un rôle. Rushmore / La Famille Tenenbaum / La Vie aquatique / À bord du Darjeeling Limited / Moonrise Kingdom / The Grand Budapest Hotel / The French Dispatch / Fantastic Mr. Fox / L'Île aux chiens
67%
Durant quelle guerre se passe Il faut sauver le soldat Ryan ? Seconde Guerre mondiale
67%
Donnez le nom d'un film qui a permis à Marlon Brando d'avoir un Oscar. Sur les quais / Le Parrain
67%
De quel film provient cette réplique : “Sssplendide !” ? The Mask
67%
De quel dessin animé provient cette réplique : "Vers l'infini et au-delà !" ? Toy Story
67%
Qu'est-ce qui "trompe énormément" ? Un éléphant
67%
De quelle couleur est le visage de la méchante sorcière de l'Ouest ? Vert
67%
Quel est le plus gros succès du Box office mondial ? Avatar
65%
De quel film provient cette réplique : "Ô Capitaine ! Mon Capitaine !" ? Le Cercle des poètes disparus
65%
De quel film provient cette réplique : " Il s'appelle Juste LeBlanc." ? Le Dîner de cons
65%
De quel film provient cette réplique : "J'ai dégusté son foie avec des fèves au beurre, et un excellent chianti." ? Le Silence des agneaux
65%
Donnez le nom d'un film de Hayao Miyazaki qui a reçu l'Oscar du meilleur film d'animation ? Le Voyage de Chihiro / Le Garçon et le Héron
65%
Qui a réalisé Nikita, Léon ou Subway ? Luc Besson
65%
Qui est l'héros de la saga Matrix ? Neo
65%
Sur quelle planète vivent les Na'Vi ? Pandora
65%
Quel acteur joue Sherlock Holmes dans les films de Guy Ritchie ? Robert Downey Jr.
65%
Sur combien de jours se déroule le Festival de Cannes ? 12 jours
64%
Citez un film qui a remporté 11 Oscars ? Ben Hur / Titanic / Le Seigneur des anneaux : Le Retour du roi
64%
Citez un acteur qui a interprété le Joker. César Romero / Rod Navarro / Jack Nicholson / David U. Hodges / Andrew Koenig / Heath Ledger / Jared Leto / Joaquin Phoenix / Barry Keoghan
64%
Quel instrument joue Andrew Neiman dans Whiplash ? De la Batterie
64%
De quel film provient cette réplique : “Pas de bras, pas de chocolat” ? Intouchables
64%
Citez un film de Jean-Marie Poiré où Christian Clavier joue un rôle. Le Père Noël est une ordure / Papy fait de la résistance / Twist again à Moscou / Mes meilleurs copains / L'Opération Corned-Beef / Les Visiteurs / Les Anges Gardiens / Les Visiteurs II : Les Couloirs du Temps / Les Visiteurs en Amérique / Les Visiteurs III : La Terreur
64%
Quel animal Vito Corleone a sur ses genoux au début du Parrain ? Un chat
64%
Donnez le nom d'un des trois films Pixar qui ont rapportés le plus au box office. Vice-versa 2 / Les Indestructibles 2 / Toy Story 4
64%
American History _ X
64%
Citez un des 5 films français qui a le mieux marché en France. Bienvenue chez les Ch'tis / Intouchables / La Grande Vadrouille / Astérix et Obélix : Mission Cléopâtre / Les Visiteurs
63%
De quelle couleur est le masque de Fantômas ? Bleu
63%
De quel film provient cette réplique : "Ça farte" ? Brice de Nice
63%
Qui interprète Wolverine au cinéma ? Hugh Jackman
63%
Quelle est la couleur de la voiture de Travis Bickle ? Jaune
63%
Qui est la méchante dans La Belle au bois dormant ? Maléfique
63%
Quel objet est noir pour le Grand Blond ? Une chaussure
63%
Quel animal en or est la récompense pour le meilleur film lors du Festival de Berlin ? Un Ours
63%
Combien y a-t-il de Gemmes de l'infini ? 6
62%
Qui est Le Maître du Suspense ? Alfred Hitchcock
62%
Quel est le prénom du garçon à qui appartiennent les jouets dans le film Toy Story ? Andy
62%
Dans quelle ville se déroule Les Incorruptibles ? Chicago
62%
Qui est le réalisateur de Oppenheimer, Interstellar ou Dunkerque ? Christopher Nolan
62%
Donnez un film réalisé par Clint Eastwood qui a reçu l'Oscar du meilleur film. Impitoyable / Million Dollar Baby
62%
Donnez le nom d'un des trois chatons dans Les Aristochats ? Marie / Toulouse / Berlioz
62%
Qui interprète Will Hunting dans le film qui porte le même nom ? Matt Damon
62%
Quel est le premier long métrage de Pixar ? Toy Story
62%
Citez une actrice française qui a gagné l'Oscar de la meilleure actrice. Claudette Colbert / Simone Signoret / Marion Cotillard
61%
Quel animal est Babe, le____ devenu berger ? Cochon
61%
Donnez le nom d'un film OSS 117. OSS 117 : Le Caire, nid d'espions / OSS 117 : Rio ne répond plus / OSS 117 : Alerte rouge en Afrique noire
61%
Qui a composé les musiques pour Interstellar, Gladiator ou Le Roi lion ? Hans Zimmer
60%
Quel est le nom du rat cuisinier dans Ratatouille ? Rémy
60%
Qui incarne Nick Fury au cinéma ? Samuel L. Jackson
60%
Dans quel pays se déroule Apocalypse Now ? Au Vietnam
59%
Dans quel pays se passe Orange Mécanique ? Au Royaume-Uni
58%
De quel saga est issu Hubert Bonisseur de La Bath ? OSS 117
58%
Quel film a permis à Léonardo DiCaprio de remporter l'Oscar du meilleur acteur ? The Revenant
58%
Qui interprète Amélie Poulain ? Audrey Tautou
57%
Qui interprète Thor au cinéma ? Chris Hemsworth
57%
Quel est le symbole de Universal Pictures ? La Terre
57%
De quel film provient cette réplique : "Je ne vous jette pas la pierre, Pierre" ? Le père Noël est une ordure
57%
De quel film provient cette réplique : "Alors, on n’attend pas Patrick ?" Camping
56%
Dans quel pays se passe Good Bye, Lenin ! ? En Allemagne
56%
Quel est le nom du biopic sur Alan Turing ? Imitation Game
56%
Quelle voiture réelle est l'héroine d'une saga Disney ? La Coccinelle
56%
Donnez le nom d'un des deux films d'Yves Robert inspiré des Souvenirs d'enfance de Marcel Pagnol. La Gloire de mon père / Le Château de ma mère
56%
Quel est le film qui a fait le plus d'entrées en France ? Titanic
56%
Comment se nomme le biopic sur Freddie Mercury et Queen ? Bohemian Rhapsody
55%
Qui est la sœur d'Anna dans La Reine des neiges ? Elsa
55%
Citez un film de Gérard Oury dans lequel Louis de Funès joue. Le Corniaud / La Grande Vadrouille / La Folie des grandeur / Les Aventures de Rabbi Jacob
55%
Quel acteur est devenu président des États-Unis ? Ronald Reagan
55%
Qui a reçu l'Oscar du meilleur acteur après son interprétation de Maximus ? Russell Crowe
55%
De quel film provient cette réplique : "Je vois des gens qui sont morts" ? Sixième Sens
55%
_____ Brasco Donnie
54%
Quelle voiture permet de remonter le temps dans Retour vers le Futur ? La DeLorean DMC-12
54%
Quel est le nom du vaisseau de Han Solo ? Le Faucon Millenium
54%
De quel film provient cette réplique : "Ah ! Et au cas où on ne se reverrait pas, une bonne soirée et une excellente nuit !" ? The Truman Show
54%
Qui interprète Ethan Hunt ? Tom Cruise
54%
Donnez le nom d'un film qui a permis a Jack Nicholson de gagner un Oscar ? Vol au-dessus d'un nid de coucou / Tendres Passions / Pour le pire et pour le meilleur
54%
Quel acteur interprète Hannibal Lecter dans Le Silence des Agneaux ? Anthony Hopkins
53%
De quel film provient cette réplique : “J'adore l'odeur du napalm au petit matin” ? Apocalypse Now
53%
Comment s'appelle le droïde couleur or, ami de R2-D2 ? C-3PO
53%
Quelle actrice incarne la princesse Leia dans presque tous les films ? Carrie Fisher
53%
Donnez le nom d'un membre des Inconnus. Didier Bourdon / Bernard Campan / Pascal Légitimus
53%
Citez un acteur qui a interprété le Superman au cinéma. George Reeves / Christopher Reeve / Brandon Routh / Henry Cavill
53%
Qui interprète Katniss Everdeen dans la saga Hunger Games ? Jennifer Lawrence
53%
Quel est le nom du biopic sur Edith Piaf ? La Môme
53%
Citez un film où Joe Pesci et Robert de Niro jouent ensemble. Les Affranchis / Casino / Raging Bull / Il était une fois le Bronx / Il était une fois en Amérique / The Irishman / Raisons d’État
53%
De quel film provient cette réplique : “Vous avez de la pâte ? Vous avez du suque ? Avec la pâte, vous faites une crêpe et vous mettez du sucre dessus !” ? Les bronzés font du ski
53%
Citez un film où Pierre Richard et Gérard Depardieu jouent ensemble. Les Compères / La Chèvre / Les Fugitifs / Umami
53%
Quelle chanson a remporté l'Oscar de la meilleure chanson originale pour sa présence dans le film Titanic ? My Heart Will Go On
53%
Qui est le chef des Autobot ? Optimus Prime
53%
Comment s'appelle le biopic sur Ray Charles ? Ray
53%
Quel est le nom de Iron Man ? Tony Stark
53%
Je verrai toujours vos ____ visages
53%
Dans quel pays se déroule La Cité de Dieu ? Au Brésil
52%
Dans quelle ville se déroule Pulp Fiction ? Los Angeles
52%
En quelle année est sorti Citizen Kane ? 1941
50%
En quelle année est sorti Jurassic Park ? 1993
50%
Donnez le nom d'un des quatre personnages principaux de Madagascar ? Alex / Melman / Marty / Gloria
50%
Donnez le nom d'un membre de la troupe du Splendid. Christian Clavier / Michel Blanc / Gérard Jugnot / Thierry Lhermitte / Josiane Balasko / Marie-Anne Chazel / Bruno Moynot
50%
Qui incarne l'homme sans nom dans la trilogie du Dollar ? Clint Eastwood
50%
Quel est le genre cinématographique du Festival international de l'Alpe d'Huez ? Comédie
50%
De quel instrument joue Don Shirley dans Green Book : Sur les routes du Sud ? Du piano
50%
Dans quel pays se déroule Invictus ? En Afrique du Sud
50%
Quel est le nom du tueur en série dans Les Griffes de la nuit ? Freddy Krueger
50%
Quel est le nom du biopic sur Frida Kahlo? Frida
50%
Qui est le réalisateur de La Folie des grandeurs ? Gérard Oury
50%
Donnez le nom d'un film qui a permis à Catherine Deneuve de gagner un César. Le Dernier Métro / Indochine
50%
Donnez un film dont le nom d'un personnage est François Perrin. Le Grand Blond avec une chaussure noire / Le Retour du Grand Blond / On aura tout vu / Le Jouet / Coup de tête / Cause toujours... tu m'intéresses ! / La Chèvre / Le Jaguar
50%
Qui a réalisé La Haine, Les Rivières pourpres et Gothika ? Mathieu Kassovitz
50%
Qui interprète Dieu dans Bruce Tout Puissant ? Morgan Freeman
50%
Donnez le nom d'un film qui a permis à Sean Penn de gagner un Oscar ? Mystic River / Harvey Milk
50%
Qui a réalisé Barry Lyndon, Full Metal Jacket ou Les Sentiers de la gloire ? Stanley Kubrick
50%
Quel studio japonais a notamment produit le Voyage de Chihiro, Mon Voisin Totoro ou Princesse Mononoké ? Studio Ghibli
50%
Comment s'appelle une scène qui apparait après le générique de fin ? Une scène post-générique
50%
Quel animal est le symbole de la MGM ? Un lion
50%
Qui a fait la musique de Jurassic Park, Les Dents de la mer et Star Wars ? John Williams
48%
Quel sport pratique le Dude et ses compagnons dans The Big Lebowski ? Du Bowling
47%
Quel est le nom du biopic sur Elvis Presley ? Elvis
47%
Comment s'appelle la voiture principal dans Cars ? Flash McQueen
47%
Comment s'appelle la chouette d'Harry Potter ? Hedwige
47%
Comment s'appelle la parodie de James Bond avec Rowan Atkinson comme personnage principal ? Johnny English
47%
Quel acteur incarne Nelson Mandela dans Invictus ? Morgan Freeman
47%
De quel film provient cette réplique : "I'll be back" ? Terminator
47%
Qui a réalisé Parasite ? Bong Joon-ho
46%
De quel film provient cette réplique : " On laisse pas bébé dans un coin." ? Dirty Dancing
46%
Dans quel pays est né Lino Ventura ? Italie
46%
Comment s'appelle l'équidé qui accompagne Shrek ? L'Âne
46%
Donnez le nom d'un film "Indiana Jones". Les Aventuriers de l'arche perdue / Indiana Jones et le Temple maudit / Indiana Jones et la Dernière Croisade / Indiana Jones et le Royaume du crâne de cristal / Indiana Jones et le Cadran de la destinée
46%
Qui a réalisé Sixième Sens, Incassable et Signes ? M. Night Shyamalan
46%
Qui est le personnage principal de Scarface ? Tony Montana
46%
Qui interprète la Reine Rouge Alice au pays des merveilles de Tim Burton ? Helena Bonham Carter
45%
Donnez le nom d'un film qui a permis à Gérard Depardieu d'avoir un César. Le Dernier Métro / Cyrano de Bergerac
45%
Qui actrice incarne le personnage de Camille dans le Mépris ? Brigitte Bardot
44%
Comment s'appelle le cinéma Nigérian ? Le Nollywood
44%
Donnez le nom d'un film qui a permis à Daniel Day-Lewis de remporter un Oscar ? My Left Foot / There Will Be Blood / Lincoln
44%
De quel film provient cette réplique : "- Pierre ! -Présent !!!" ? RRRrrrr !!!
44%
Quel race de chien est Beethoven ? Un saint-bernard
44%
Qui a composé les musiques pour Il était une fois en Amérique, Les Incorruptibles ou Le Bon, la Brute et le Truand ? Ennio Morricone
43%
Donnez le nom d'une des deux actrices principales de Thelma et Louise. Geena Davis / Susan Sarandon
43%
De quel film provient cette réplique : “C'était Farès ? C'est effarant !” Rabbi Jacob
43%
Qui fait le génie dans le remake d'Aladdin ? Will Smith
43%
De quelle vile viennent les Tuche ? Bouzolles
42%
Qui interprète Don Camillo ? Fernandel
42%
Quelle actrice interprète Elizabeth Bennet dans Orgueil et Préjugés ? Keira Knightley
42%
Quel film d'animation de Disney a rapporté le plus d'argent ? Le Roi Lion
42%
En quelle année est sorti The Dark Knight : Le Chevalier noir ? 2008
41%
Quelle est la voiture que l'on voit le plus dans les films James Bond ? L'Aston Martin DB5
41%
Qui a réalisé "L'Arrivée d'un train en gare de La Ciotat" ? Les Frères Lumière
41%
Sur quelle planète Luke Skywalker a-t-il grandit ? Tatooine
41%
Citez un film de Jean-Luc Godard dans lequel Jean-Paul Belmondo joue. À bout de souffle / Une femme est une femme / Pierrot le Fou
40%
Dans quel Pixar peut-on entendre les musiques Real Gone, Life Is a Highway ou Sh-Boom ? Cars
40%
Donnez le nom d'un des réalisateurs d'Harry Potter. Chris Columbus / Alfonso Cuarón / Mike Newell / David Yates
40%
Qui a réalisé Blade Runner 2049, Prisoners et Incendies ? Denis Villeneuve
40%
Qui interprète Vincent dans Nos jours heureux ? Jean-Paul Rouve
40%
Qui a réalisé Le Fabuleux Destin d'Amélie Poulain, Un long dimanche de fiançailles ou Alien, la résurrection ? Jean-Pierre Jeunet
40%
Quel est le nom du père de Némo ? Marin
40%
Donnez le nom d'un des quatre frères et sœurs qui vont à Narnia ? Peter / Susan / Edmund / Lucy
40%
Qui interprète Vito Corleone dans le Parrain, 2e partie ? Robert De Niro
40%
Comment s'appelle un Jedi qui a rejoint le côté obscur ? Un Sith
40%
Qui a réalisé La Fureur du dragon ? Bruce Lee
39%
Combien y-a t-il de films avec l'Inspecteur Harry Callahan ? 5
38%
Quel film est en parti inspiré de la vie d'Eminem ? 8 Mile
38%
Quel film a Patrick Bateman comme personnage principal ? American Psycho
38%
Quel acteur interprète principalement le personnage de T-800 ? Arnold Schwarzenegger
38%
Dans quel pays se passe Mommy ? Au Canada
38%
À quel jeu doit jouer le chevalier Antonius Blok face à la mort dans le Septième Sceau ? Aux échecs
38%
Dans quel pays se passe Mad Max ? En Australie
38%
Quel est le nom du biopic sur Jackie Kennedy ? Jackie
38%
Quel personnage se retrouve bloqué sur le télésiège dans Les Bronzés font du ski ? Jean-Claude Dusse
38%
Quelle maladie a Michael J. Fox ? La maladie de Parkinson
38%
Quel est le premier film réalisé par Quentin Tarantino ? Reservoir Dogs
38%
Qui est considéré comme le "maître" des Western spaghetti ? Sergio Leone
38%
Combien de personnes font parties du Détachement International des Vipères Assassines ? (Sans compter Bill) 6
37%
Les Temps ____ modernes
37%
En quelle année se déroule la première cérémonie des Oscars ? 1929
36%
Qui interprète Amelia Brand dans Interstellar ? Anne Hathaway
36%
Qui est l'adversaire de Rocky dans Rocky 1 et 2 ? Apollo Creed
36%
Dans quelle ville a principalement été tourné Bienvenue chez les Ch'tis ? Bergues
36%
Quel est le personnage de Charlie Chaplin le plus connu ? Charlot
36%
Qui joue le colonel Hans Landa ? Christoph Waltz
36%
Donnez le nom d'un acteur qui incarne Hulk au cinéma ? Edward Norton / Eric Bana / Mark Ruffalo
36%
Quel acteur interprète Joël dans Eternal Sunshine of the Spotless Mind ? Jim Carrey
36%
Qui a réalisé L'Homme qui murmurait à l'oreille des chevaux ? Robert Redford
36%
Donnez un film d'Alfred Hitchcock dans lequel Cary Grant a un rôle. Soupçons / Les Enchaînés / La Main au collet / La Mort aux trousses
36%
Qui a réalisé The Grand Budapest Hotel, Fantastic Mr. Fox et Moonrise Kingdom ? Wes Anderson
36%
En quelle année s'est déroulé la première cérémonie des César? 1976
35%
Quelle actrice a été nommée 17 fois pour l'Oscar de la meilleure actrice ? Meryl Streep
35%
Qui a réalisé The Artist, Coupez ! et OSS 117 ? Michel Hazanavicius
35%
Quel acteur incarne Satan dans L'Associé du diable ? Al Pacino
33%
Quel est le nom de l'Autobot qui se transforme en Chevrolet Camaro ? Bumblebee
33%
Qui incarne Bernadette Chirac dans Bernadette ? Catherine Deneuve
33%
Donnez le nom d'un des deux acteurs qui partagent l'affiche du Prestige ? Christian Bale / Hugh Jackman
33%
Qui est l'héroine dans la Saga Alien ? Ellen Ripley
33%
Citez un membre de la Communauté de l'Anneau. Gandalf / Légolas / Gimli / Aragorn / Boromir / Frodon / Sam / Merry / Pippin
33%
Qui interprète Dorothy Gale dans Le Magicien d'Oz ? Judy Garland
33%
Quel est le film où Coluche et Louis de Funes partagent l'affiche ? L'Aile ou la cuisse
33%
Quel est le plus vieux festival de cinéma du monde ? La Mostra de Venise
33%
Dans quelle ville se déroule Rocky ? Philadelphie
33%
Dans quel film pouvons nous entendre la musique "Push It to the Limit" ? Scarface
33%
Qui est le réalisateur de Gladiator, Blade Runner ou Alien, le huitième passager ? Ridley Scott
32%
En quelle année est sorti le premier film King Kong ? 1933
31%
Comment s'appelle la copine de Wall-E ? EVE
31%
Qui partage l'affiche avec Heath Ledger dans Le Secret de Brokeback Mountain ? Jake Gyllenhaal
31%
Quel film raconte l'histoire de Jacques Mayol et de Enzo Maiorca ? Le Grand Bleu
31%
Qui interprète Sam Wheat dans Ghost ? Patrick Swayze
31%
Quel est le surnom du soldat qui abat le sergent Hartman dans Full Metal Jacket ? Baleine
30%
Quel est le film de Mel Gibson qui retrace les 12 dernières heures de la vie du Christ ? La Passion du Christ
30%
Quel acteur a rempoté le César du meilleur acteur en 2022 et en 2023 ? Benoît Magimel
29%
Dans quelle ville se déroule Good Bye, Lenin! ? Berlin
29%
Qui interprète Chris Kyle, le tireur d'élite américain ? Bradley Cooper
29%
Quel acteur incarne Tyler Durden ? Brad Pitt
29%
Quelle est la marque de la Gran Torino ? Ford
29%
De quel film provient cette réplique : "Tu vois, le monde se divise en deux catégories: ceux qui ont un pistolet chargé et ceux qui creusent. Toi tu creuses." ? Le Bon, la Brute et le Truand
29%
Dans quelle ville se déroule Birdman ? New York
29%
Dans quel pays se passe La Folie des grandeurs ? En Espagne
28%
De quel film provient cette réplique : “Mon vélo, mes chaussures... et puis quoi maintenant ?” ? La Grande Vadrouille
28%
Citez un film de Francis Ford Coppola dans lequel Robert Duvall joue un rôle. Les Gens de la pluie / Le Parrain / Conversation secrète / Le Parrain, 2e partie / Apocalypse Now
28%
Qui interprète Ron Woodroof dans Dallas Buyers Club ? Matthew McConaughey
28%
De quel film provient cette réplique : "You Fucked My Wife?" Raging Bull
28%
Qui a réalisé Mommy, Illusions perdues et J'ai tué ma mère ? Xavier Dolan
28%
Quel est le premier long métrage de Disney ? Blanche-Neige et les Sept Nains
27%
Quel est le surnom de John Merrick ? Elephant Man
27%
Qui a réalisé Citizen Kane, Le Troisième Homme et La Soif du mal ? Orson Welles
27%
De quel film provient cette réplique : “Voici vos noms: Mr. Brown, Mr. White, Mr. Blonde, Mr. Blue, Mr. Orange et Mr. Pink. - Hey ! Pourquoi c'est moi Mr Pink ? - Parce que t'es qu'une pédale, voila pourquoi !” ? Reservoir Dogs
27%
Quel personnage est joué par John Travolta dans Pulp Fiction ? Vincent Vega
27%
Qui fait la voix anglaise, française ou russe de Groot ? Vin Diesel
27%
Quel film sur la guerre au Vietnam est notamment connu pour les scènes de roulette russe ? Voyage au bout de l'enfer
27%
Dans quel état des États-Unis se déroule La Ligne Verte ? En Louisiane
26%
Quel est le nom du tueur en série dans Scream ? Ghostface
26%
Quel est le film français qui a fait le plus d'entrées dans le monde ? La Grande Vadrouille
26%
En quelle année est sorti Nosferatu le vampire ? 1922
25%
En quelle année est sorti Sueurs froides ? 1958
25%
En quelle année a été créé le Festival du cinéma américain de Deauville? 1975
25%
Qui est le réalisateur de Les Sept Samouraïs, Rashōmon ou Ran ? Akira Kurosawa
25%
Qui est le réalisateur de Seven, Zodiac ou Fight Club ? David Fincher
25%
Qui joue Churchill dans Les Heures sombres ? Gary Oldman
25%
Quelle actrice est devenue princesse de Monaco ? Grace Kelly
25%
Donnez le nom d'un film qui a permis à Daniel Auteuil de gagner un César. Jean de Florette / Manon des sources / La Fille sur le pont
25%
Donnez le nom d'un film qui a permis à Meryl Streep de gagner un Oscar. Kramer contre Kramer / Le Choix de Sophie / La Dame de fer
25%
Qui interprète M. Gustave dans The Grand Budapest Hotel ? Ralph Fiennes
25%
Qui interprète Amon Goeth dans la La Liste de Schindler ? Ralph Fiennes
25%
Quel est le nom du dragon que Bilbo rencontre dans le Hobbit ? Smaug
25%
Donnez le prénom de Laurel ou de Hardy. Stan / Oliver
25%
Quel acteur italien a gagné l'Oscar du meilleur acteur en 1999 ? Roberto Benigni
24%
En quelle année a été créé le Festival de Cannes ? 1939
23%
Comment s'appelle le fils Jack et Wendy Torrance ? Danny
23%
Qui est le tueur en série de la saga Vendredi 13 ? Jason Voorhees
23%
Qui interprète Fantômas dans les films avec Louis de Funès ? Jean Marais
23%
Quel est le surnom du tueur dans Massacre à la tronçonneuse ? Leatherface
23%
Qui a réalisé Heat, Le Dernier des Mohicans et Collatéral ? Michael Mann
23%
Quel animal annonce la fin de l'hiver dans Un jour sans fin ? Une marmotte
23%
Brice vient de Nice mais d'où vient Igor ? d'Hossegor
22%
Qui a réalisé Le Mépris, Pierrot le Fou ou À bout de souffle ? Jean-Luc Godard
22%
Quel studio d'animation a produit L'Âge de glace, Robots ou Rio ? Blue Sky Studios
21%
De quel film provient cette réplique : "Je préfère mourir debout, que de vivre à genoux ! " ? Braveheart
21%
Quel acteur incarne Georges VI dans Le Discours d'un Roi ? Colin Firth
21%
Qui a réalisé La dolce vita, Huit et demi et Les Nuits de Cabiria ? Federico Fellini
21%
Quel est le meilleur film de tous les temps selon les spectateurs sur Allo Ciné? Forrest Gump
21%
Qui partage l'affiche avec Jean-Paul Belmondo dans Un singe en hiver ? Jean Gabin
21%
Quel objet permet aux personnages de la Nuit au Musée de prendre vie ? La Tablette d'Ahkmenrah
21%
Quel film français raconte l'histoire de la bête du Gévaudan ? Le Pacte des loups
21%
Quel est le modèle de la voiture dans Taxi 1 ? Peugeot 406
21%
Quelle actrice incarne Bridget Jones ? Renée Zellweger
21%
Donnez le nom d'un des trois derniers films de James Dean ? À l’est d’Éden / La Fureur de vivre / Géant
20%
Quel humain devient Robocop ? Alex Murphy
20%
Qui a réalisé Carrie au bal du diable, Les incorruptibles et L'Impasse ? Brian De Palma
20%
Quel studio d'animation a produit Les Minions, Tous en scène ou Super Mario Bros., le film ? Illumination
20%
Qui interprète la Denrée dans La Soupe aux choux ? Jacques Villeret
20%
Dans quelle ville se passe Terminator 1 ? Los Angeles
20%
Qui a réalisé Amadeus, Vol au-dessus d'un nid de coucou et Man on the Moon ? Miloš Forman
20%
Quel est la phrase de la famille de Montmirail ? Que trépasse si je faiblis !
20%
Quel est l'acteur qui a gagné le plus de Razzie Awards ? Sylvester Stallone
20%
En quelle année est sorti Les Lumières de la ville ? 1931
19%
Quel est le premier long métrage de Jean-Luc Godard ? À bout de souffle
19%
Donnez le nom d'une des deux familles dans La vie est un long fleuve tranquille. Groseille / Le Quesnoy
19%
Dans quel film pouvons nous entendre : "Comptine d'un autre été, l'après-midi" ? Le Fabuleux Destin d'Amélie Poulain
19%
Qui interprète Neil Armstrong dans First Man: Le Premier Homme sur la Lune ? Ryan Gosling
19%
Quel personnage est joué par Rosamund Pike dans Gone Girl ? Amy Dunne
18%
Quel est le nom du supercalculateur qui essaye de tuer tous les astronautes dans 2001, l'Odysée de l'Espace ? HAL 9000
18%
Donnez le nom d'un film qui a permis à Dustin Hoffman d'avoir un Oscar. Kramer contre Kramer / Rain Man
18%
Quel film raconte les derniers jours de la vie d'Hitler ? La chute
18%
Quel est le surnom du compère d'Andy Dufresne ? Red
18%
Comment s'appelle le ballon de volley dans Seul au monde ? Wilson
18%
Qui est le ministre de la Justice de Paris dans le Bossu de Notre-Dame ? Claude Frollo
17%
Qui est l'héros de la saga Die Hard ? John McClane
17%
Comment s'appelle le personnage que Louise Fletcher interprète dans Vol au-dessus d'un nid de coucou ? Mildred Ratched
17%
Qui interprète Thomas Edward Lawrence dans Lawrence d'Arabie ? Peter O'Toole
17%
Donnez le prénom d'un des quatre enfants biologiques de Vito Corleone dans le Parrain. Santino / Frederico / Michael / Constanzia
17%
Donnez le nom d'un des membres des Cinq cyclones dans Kung Fu Panda ? Tigresse / Grue / Singe / Mante / Vipère
17%
Qui a réalisé Stalker, Andreï Roublev et Le Miroir ? Andreï Tarkovski
15%
Qui interprète Gollum ou César dans la Planete des Singes ? Andy Serkis
15%
Qui incarne Norman Bates dans Psycho ? Anthony Perkins
15%
Dans quel pays se passe Le vent se lève ? En Irlande
15%
Qui a réalisé La vie est belle, New York-Miami et Monsieur Smith au Sénat ? Frank Capra
15%
Quel est le nom du gendarme que incarne Louis de Funes dans Le Gendarme de Saint-Tropez ? Ludovic Cruchot
15%
Qui tient le Rick's Café Américain dans Casablanca ? Rick Blaine
15%
Qui interprète Saroumane ? Christopher Lee
14%
Qui a reçu le titre non officiel de plus mauvais réalisateur de tous les temps ? Ed Wood
14%
Donnez le nom d'un des trois personnages principaux de Mystic River ? Jimmy Markum / Dave Boyle / Sean Devine
14%
Citez un film de John Sturges dans lequel Steve McQueen a un rôle ? La Proie des vautours / Les Sept Mercenaires / La Grande Évasion
14%
Quel monstre est le méchant d'Alien ? Le Xénomorphe
14%
Qui incarne le colonel Kurtz dans Apocalypse Now ? Marlon Brando
14%
Qui interprète Julien Dandieu dans Le Vieux Fusil ? Philippe Noiret
14%
Quel réplicant déclame le monologue des larmes de la pluie ? Roy Batty
14%
En quelle année est sorti Psycho ? 1960
13%
Qui a réalisé Préparez vos mouchoirs, Les Valseuses ou Trop belle pour toi ? Bertrand Blier
13%
Citez le prénom d'un requin dans Le Monde de Nemo ? Bruce / Enclume / Chumy
13%
Qui interprète Charlie Cappa dans Mean Streets ? Harvey Keitel
13%
Quel est le film où Fernandel et Bourvil partagent l'affiche ? La Cuisine au beurre
13%
Citez un film où Catherine Deneuve et Gérard Depardieu jouent ensemble. Le Dernier Métro / Je vous aime / Le Choix des armes / Fort Saganne / Drôle d'endroit pour une rencontre / Les Cent et une nuits de Simon Cinéma / Les Temps qui changent / Potiche / Astérix et Obélix: Au service de sa majesté / Bonne Pomme
13%
Quel est le nom français de Carlito's Way ? L'Impasse
13%
Donnez le nom d'un acteur qui incarne Max Rockatansky ? Mel Gibson / Tom Hardy / Jacob Tomuri
13%
Quel est le plus gros succès du box-office en France en 2024 ? Un p'tit truc en plus
13%
De quel film provient cette réplique : « La seule question à te poser, c'est de savoir si c'est ton jour de chance. Alors, fumier, c'est ton jour de chance aujourd'hui ? » ? L'Inspecteur Harry
12%
Qui a réalisé The Truman Show, Le Cercle des poètes disparus et Witness ? Peter Weir
12%
Donner le nom d'un des quatre gangsters qui accompagnent Verbal Kint dans Usual Suspects ? Dean Keaton / Michael McManus / Fred Fenster / Todd Hockney
11%
Donnez le nom d'un film qui a permis à Katharine Hepburn de gagner un Oscar. Gloire éphèmère / Devine qui vient dîner... / Le Lion en hiver / La Maison du lac
11%
Quelle est la première règle du Fight Club ? Il est interdit de parler du Fight Club
11%
Quelle est l'actrice qui a remporté le plus de César de la meilleure actrice ? Isabelle Adjani
11%
Quel est le genre cinématographique du Festival international d'Annecy ? Le film d'animation
11%
Qui incarne Judah Ben-Hur dans le Ben-Hur de 1959 ? Charlton Heston
10%
Qui est surnommé The Duke ? John Wayne
10%
Quel film a Miranda Priestly comme personnage ? Le Diable s'habille en Prada
10%
Quel est le surnom de Rocky Balboa ? L'Étalon italien
10%
Quel frère de Michael Corleone a essayé de le tuer ? Fredo Corleone
9%
Quel est le film français qui a rapporté le plus d'argent ? Lucy
9%
Quel est le premier film exporté à l'international de Damien Chazelle ? Whiplash
9%
Qui a réalisé Les Évadés, La Ligne verte et The Majestic ? Frank Darabont
8%
Qui a réalisé Philadelphia, Le Silence des agneaux et Stop Making Sense ? Jonathan Demme
8%
Quel film français a pour acteurs principaux Jean Gabin, Lino Ventura et Alain Delon ? Le Clan des Siciliens
8%
Citez un film de d'Agnès Jaoui dans lequel Jean-Pierre Bacri a un rôle. Le Goût des autres / Comme une image / Parlez-moi de la pluie / Au bout du conte / Place publique
8%
De quel film provient cette réplique : "Les cons, ça ose tout. C'est même à ça qu'on les reconnaît." ? Les Tontons flingueurs
8%
Quel est le nom du personnage que Uma Thurman interprète dans Pulp Fiction ? Mia Wallace
8%
Quel est le prénom de la petite fille possédée dans l'Exorciste ? Régine
8%
Quel film a remporté l'Oscar du meilleur film en 2000 ? American Beauty
7%
Quel est le nom de la marionette de Jigsaw ? Billy
7%
Quel est le méchant de Piège de Cristal ? Hans Gruber
7%
Qui incarne Michèle Leblanc dans Elle ? Isabelle Huppert
7%
Qui interprète Barbarella ? Jane Fonda
7%
Quel film est considéré comme le premier film noir ? Le Faucon maltais
7%
Quel est le dernier film de Louis de Funes ? Le Gendarme et les Gendarmettes
7%
Dans quel film pouvons nous entendre la musique Chi Mai ? Le Professionnel
7%
Quel est le pire film de tous les temps selon les spectateurs sur Allo Ciné ? Dragonball Evolution
6%
Qui a réalisé Le Samouraï, L'Armée des ombres et Le Deuxième Souffle ? Jean-Pierre Melville
6%
Dans quel état des États-Unis se déroule le film Les Évadés ? Dans le Maine
5%
Dans quel immeuble se déroule Piège de Cristal ? Nakatomi Plaza
5%
Quel est l'acteur qui a reçu l'Oscar du meilleur acteur à titre posthume ? Peter Finch
5%
De quel film provient cette réplique : “On est venu, on a vu et il l'a eu dans le cul !” ? SOS Fantômes
5%
Donnez le nom d'un film qui a permis à Spencer Tracy de remporter l'Oscar du meilleur acteur. Capitaines courageux / Des hommes sont nés
0%
Quel film a Sam Rothstein comme personnage principal ? Casino
0%
Quel est le remake américain de La Famille Bélier ? Coda
0%
Quel race de chien est Lassie ? Colley
0%
Quel est le dernier film de Jack Nicholson ? Comment savoir
0%
Donnez le nom d'un des réalisateurs de la saga Jason Bourne. Doug Liman / Paul Greengrass / Tony Gilroy
0%
Comment se prénomme le personnage interprété par Jean-Paul Belmondo dans "Pierrot le fou" ? Ferdinand Griffon
0%
De quel film provient cette réplique : "Ça c'est mon flingue et ça c'est mon dard !" ? Full Metal Jacket
0%
Quel est le réalisateur français qui a attiré le plus de spectateurs ? Henri Verneuil
0%
Quel personnage interprété par Ray Liotta dans les Affranchis a réellement existé? Henry Hill
0%
De quel film provient cette réplique : "J'ai rencontré trois gabardines qui attendaient un train. Dans les gabardines se trouvaient trois hommes. Dans ces hommes se trouvent trois balles." ? Il était une fois dans l'ouest
0%
De quel film provient le personnage interprété par Arnold Schwarzenegger dans Last Action Héro ? Jack Slater
0%
Qui est le réalisateur qui a remporté quatre Oscars du meilleur réalisateur ? John Ford
0%
Dans quelle ville se trouve le plus vieux cinéma en activité du monde ? La Ciotat
0%
Donnez le nom d'un film qui a permis à Elizabeth Taylor de remporter un Oscar. La Vénus au vison / Qui a peur de Virginia Woolf ?
0%
Quel dinosaure est mis en avant dans Jurassic Park 3 ? Le Spinosaure
0%
Quel est le film français qui a fait le plus d'entrées dans le monde (hors France)? Les Quatre Charlots mousquetaires
0%
De quel film provient cette réplique : “Elle est moche, elle est gentille mais elle est moche. Alors que toi t'es moche, puis t'es con” Les Trois Frères
0%
Quel est le nom du biopic sur Jacques-Yves Cousteau ? L'Odyssée
0%
Quel est le personnage principal des films Halloween ? Michael Myers
0%
Quel est l'acteur qui a remporté le plus de fois le césar du meilleur acteur ? Michel Serrault
0%
Quel est l'air que siffle le tueur dans M le Maudit ? Peer Gynt
0%
Donnez le nom d'un chasseur de fantômes dans SOS Fantomes. Peter Venkman / Egon Spengler / Raymond Stantz
0%
Donnez le nom d'un des 3 amis d'Alex DeLarge. Pierrot / Jo / Momo
0%
Quel est le nom du biopic sur Simone Veil ? Simone, le voyage du siècle
0%
Quel est le remake américain de La Totale ! ? True Lies
0%
Quel film remporte le César du meilleur film en 2000 ? Vénus Beauté (Institut)
0%
Qui est le réalisateur de Autant en emporte le vent, Docteur Jekyll et M. Hyde et Le Magicien d'Oz ? Victor Fleming
0%
De quel film provient cette réplique : "Tu aimes les films sur les gladiateurs?" Y a-t-il un pilote dans l'avion ?
0%
Aucun quiz correspondant
Distribution des résultats
% des personnes avec chaque résultat
Percentile par nombre de réponses
Votre historique - résultats
Vous n’avez pas pris ce quiz depuis la dernière actualisation